Alergická rinitída - praktický návod k diagnostike a liečbe neskorá diagnostika a liečba môže viesť ku vzniku komplikácií a značnej morbidite

Podrobná bibliografia
Hlavní autori: Lagnese, M.S (Autor), Kelsen, S.G (Autor)
Ďalší autori: (Mos) (apd)
Médium: Článok
Jazyk:slovenčina
Fyzický popis:Tab.
ISSN:1335-4477
Predmet:

MARC

LEADER 00000nab a2200000 a 4500
001 vtls000720496
003 SK-MaSNL
005 20260304214850.0
008 140303c2000 xo 0 slo
015 |a SNBRB2000/04-10161 
035 |a CLN000072663 
040 |a SNKBUCL  |b slo  |c SNKBUCL  |e AACR2 
041 0 |a slo 
044 |a xo  |c SK 
080 |a 616.211-002  |2 1997 
100 1 |a Lagnese, M.S.  |4 aut  |9 1549022 
245 1 0 |a Alergická rinitída - praktický návod k diagnostike a liečbe  |b neskorá diagnostika a liečba môže viesť ku vzniku komplikácií a značnej morbidite  |c M.S. Lagnese, S.G. Kelsen ; [apracoval] (mos) 
300 |b Tab. 
500 |a Článok bol publikovaný v Hospital Medicine - Roč. 35, č 6 (1999), s. 32-40 
650 0 7 |a alergická nádcha  |2 SNK  |9 29465 
650 0 7 |a diagnostika (medicína)  |2 SNKPH  |9 28740 
650 0 7 |a terapia  |2 SNKPH  |9 781 
655 7 |a články z novín a časopisov  |2 SNK  |9 267496 
700 1 |a Kelsen, S.G.  |4 aut  |9 1549023 
700 1 |a (Mos)  |4 apd  |9 839532 
773 0 |t Zdravotnícke noviny  |g Roč. 5, č. 9 (2000)  |x 1335-4477 
773 0 |t [Príl.] Lekárske listy  |g Č. 9 (2000), s. 3-4  |x 1335-4477 
850 |a Slovenská národná knižnica v Martine 
852 |a SNK  |b KIS3GCP 
958 |a MI 
992 |a RBX 
999 |c 3143638  |d 3145568